| 000 | 00541nam a2200157Ia 4500 | ||
|---|---|---|---|
| 008 | 210716s2008 xx 000 0 und d | ||
| 020 | _a9788131700075 | ||
| 041 | _aeng | ||
| 082 | _a005.364 GAME | ||
| 100 | _aGamma, Erich;Helm, Richard;Johnson, Ralph;Vlissides, John. | ||
| 245 |
_aDesign patterns: elements of reusable object oriented software. _bElements of reusable object oriented software. |
||
| 250 | _a1 | ||
| 260 |
_aNew Delhi _bPearson Education _c2008 |
||
| 300 | _axvii,380/2016 | ||
| 650 | _aObject Oriented Analysis & Design | ||
| 999 |
_c195118 _d195118 |
||